Computer oriented numerical methods (Record no. 10970)

MARC details
000 -LEADER
fixed length control field 00513cam a2200193ua 4500
001 - CONTROL NUMBER
control field 12223
005 - DATE AND TIME OF LATEST TRANSACTION
control field 20260515114842.0
008 - FIXED-LENGTH DATA ELEMENTS--GENERAL INFORMATION
fixed length control field 200311n ii |||gr||||Z||||||eng
020 ## - INTERNATIONAL STANDARD BOOK NUMBER
International Standard Book Number 9788120307865
040 ## - CATALOGING SOURCE
Transcribing agency MAIN
082 ## - DEWEY DECIMAL CLASSIFICATION NUMBER
Classification number 005.55
100 ## - MAIN ENTRY--PERSONAL NAME
Personal name V Rajaraman,
Relator term Author.
245 ## - TITLE STATEMENT
Title Computer oriented numerical methods
Statement of responsibility, etc. By V rajaraman
250 ## - EDITION STATEMENT
Edition statement 3rd ed.
260 ## - PUBLICATION, DISTRIBUTION, ETC.
Place of publication, distribution, etc. Delhi:
Name of publisher, distributor, etc. Phi learning private limited,
Date of publication, distribution, etc. 2018.
300 ## - PHYSICAL DESCRIPTION
Extent 196p.
653 ## - INDEX TERM--UNCONTROLLED
Uncontrolled term Computer programming, programs & data
942 ## - ADDED ENTRY ELEMENTS (KOHA)
Koha item type Books
Holdings
Withdrawn status Lost status Damaged status Not for loan Home library Current library Shelving location Date acquired Total checkouts Full call number Barcode Date last seen Copy number Price effective from Koha item type
        Naharkatiya College Library Naharkatiya College Library General stacks 09/19/2020   005.55 | RAJ 27522 09/19/2020 1 09/19/2020 Books
        Naharkatiya College Library Naharkatiya College Library General stacks 09/19/2020   005.55 | RAJ 27523 09/19/2020 2 09/19/2020 Books
        Naharkatiya College Library Naharkatiya College Library General stacks 09/19/2020   005.55 | RAJ 27524 09/19/2020 3 09/19/2020 Books